[Event "BCF-chT2a 1617 (4NCL)"]
[Site "England"]
[Date "2017.02.12"]
[Round "6.16"]
[White "Hughes, Roy"]
[Black "Tebbs, Howard"]
[Result "1-0"]
[WhiteElo "2013"]
[BlackElo "2094"]
[PlyCount "57"]
[EventDate "2016.11.19"]
[EventType "team-tourn"]
[EventRounds "11"]
[EventCountry "ENG"]
[SourceTitle "EXT 2019"]
[Source "ChessBase"]
[SourceDate "2018.10.10"]
[SourceVersion "1"]
[SourceVersionDate "2018.10.10"]
[SourceQuality "1"]
[WhiteTeam "Barbican Youth"]
[BlackTeam "Sussex Martlets"]
[WhiteTeamCountry "ENG"]
[BlackTeamCountry "ENG"]

1. d4 d5 2. Bf4 Nf6 3. e3 c5 4. Nc3 a6 5. dxc5 Nc6 6. Nf3 Bg4 7. Be2 Qa5 8. h3 Bh5 9. 0-0 Qxc5 10. Na4 Qa5 11. c3 b5 12. Nc5 Qb6 13. Nd3 e6 14. a4 b4 15. a5 Qb7 16. Qa4 Nd7 17. Rfc1 b3 18. c4 Rc8 19. cxd5 exd5 20. Rc3 Na7 21. Rxc8+ Nxc8 22. Nde5 Bd6 23. Bxa6 Qc7 24. Nxd7 Ke7 25. Nde5 f6 26. Nc6+ Kf7 27. Bxd6 Nxd6 28. Nfd4 Re8 29. Qxb3 1-0

[Event "BCF-chT3a 0001 (4NCL)"]
[Site "Birmingham"]
[Date "2000.09.24"]
[Round "2.6"]
[White "Tebbs, Howard"]
[Black "Howell, Chris I"]
[Result "1/2-1/2"]
[WhiteElo "2097"]
[BlackElo "2148"]
[PlyCount "20"]
[EventDate "2000.11.26"]
[EventType "team-tourn"]
[EventRounds "7"]
[EventCountry "ENG"]
[SourceTitle "EXT 2002"]
[Source "ChessBase"]
[SourceDate "2001.11.25"]
[SourceVersion "1"]
[SourceVersionDate "2001.11.25"]
[SourceQuality "1"]
[WhiteTeam "Wood Green III"]
[BlackTeam "Beeson Gregory III"]
[WhiteTeamCountry "ENG"]
[BlackTeamCountry "ENG"]

1. d4 Nf6 2. Nf3 g6 3. Bf4 Bg7 4. e3 0-0 5. Be2 c5 6. Nbd2 cxd4 7. exd4 Nc6 8. c3 d6 9. 0-0 Nh5 10. Be3 e5 1/2-1/2